000 00196 a2200097 4500
001 41692
100 _aDumas Alex
245 _aThe black tulip
260 _aCollins
_b
_c
090 _c25820
_d25820
942 _aNUST-CAE
_cM
_c17581
999 _c276765
_d276765